Music Quiz

Random Music or Bands Quiz

Wrong Lyrics: Don't Stop Believin' Quiz Stats

 Plays Quiz Updated Dec 14, 2018

Support Sporcle.
Go Orange.
Score 0/28 Timer 08:00
6 Plays Today
% Correct
solemn
97.4%
village
96.6%
chair
94.3%
crime
93.3%
saloons.
93.1%
neat
93.1%
razed
92.5%
glancing,
91.7%
troll
90.7%
cloudy
90.2%
quit
89.2%
field.
87.8%
rememberin'.
86%
heading
84.9%
% Correct
Green-light
84.6%
others
82.5%
shall
79.8%
was
74.5%
lurking
73.8%
simile
70.2%
keeps
70%
light.
68.8%
with
67.8%
last
67%
in
62.5%
Looking
49.4%
Playin'
43.3%
emotions;
37.3%

You're not logged in!

Compare scores with friends on all Sporcle quizzes.
OR
Log In

From the Vault

5x5 in 90: Formula One Minefield Blitz

by kfastic

Driving a race car through a minefield seems like an aggressively bad idea.
Remove Ads.
Support Sporcle.
Get the best of Sporcle when you Go Orange. This ad-free experience offers more features, more stats, and more fun while also helping to support Sporcle. Thank you for becoming a member.

Show Comments

Extras

Top Quizzes Today


Score Distribution

Your Account Isn't Verified!

In order to create a playlist on Sporcle, you need to verify the email address you used during registration. Go to your Sporcle Settings to finish the process.

Report this User

Report this user for behavior that violates our Community Guidelines.

Details: